Indian Economy @ 75/ (Record no. 211104)

MARC details
000 -LEADER
fixed length control field 00625nam a22001937a 4500
005 - DATE AND TIME OF LATEST TRANSACTION
control field 20250424152349.0
010 ## - LCCN (DPL NO)
LC control number ENG-144730
020 ## - INTERNATIONAL STANDARD BOOK NUMBER
International Standard Book Number 9788119337347
Terms of availability 400.00
035 ## - SYSTEM CONTROL NUMBER
System control number EN-128262
037 ## - SOURCE OF ACQUISITION
Source of stock number/acquisition DBAD
082 ## - DEWEY DECIMAL CLASSIFICATION NUMBER
Classification number 330.0954
Edition number 1
245 ## - TITLE STATEMENT
Title Indian Economy @ 75/
Statement of responsibility, etc Daisy P K, Jomal Thomas and Anisha N G.
260 ## - PUBLICATION, DISTRIBUTION, ETC. (IMPRINT)
Place of publication, distribution, etc Tamil Nadu
Name of publisher, distributor, etc Shanlax Publication
Date of publication, distribution, etc 2023
270 ## - ADDRESS
Address 61, 66 T.P.K .Main Road, Vasantha nagar, Madurai
City Tamil Nadu
Postal code 625003
300 ## - PHYSICAL DESCRIPTION
Extent 186p.
Dimensions 25cm(Pb)
700 ## - ADDED ENTRY--PERSONAL NAME
9 (RLIN) 76691
Personal name Daisy P.K, Jamol Thomas, Anisha N G.
Relator term Editor
760 ## - MAIN SERIES ENTRY
Edition 1
942 ## - ADDED ENTRY ELEMENTS (KOHA)
Source of classification or shelving scheme Dewey Decimal Classification
Item type English Books
Classification part 330.0954
Call number suffix ECO
Edition 1
Holdings
Withdrawn status Lost status Not for loan Collection code Home library Current library Date acquired Source of acquisition Cost, normal purchase price Full call number Barcode Copy number Cost, replacement price Koha item type
      Non-fiction Mobile Library Mobile Library 24/04/2025 DBAD 190.00 330.0954 ECO EN-128262 1 190.00 English Books

© Delhi Public Library
Hit Counter
free hit counter